Personnages de Harry Potter par lettre - D - Statistiques

Statistiques générales
  • Ce quiz a été pris 1 223 fois
    983 depuis la dernière actualisation
  • Le résultat moyen est 5 sur 10
Statistiques - réponses
Indice Personnage % Correct
Elfe de maison qui rêve de liberté Dobby
99%
Le Serpentard arrogant aux cheveux blonds Drago Malefoy
99%
Le cousin grassouillet et capricieux de Harry Dudley Dursley
91%
Petite femme trapue qui ressemble à un gros crapaud vêtu de rose Dolores Ombrage
88%
Élève de Gryffondor qui fut prisonnier au manoir des Malefoy en même temps que Gripsec et Ollivander Dean Thomas
52%
Petit frère de Colin Crivey Dennis Crivey
36%
Seconde fille de Bill Weasley et Fleur Delacour Dominique Weasley
21%
Membre de l'Ordre du Phénix qui s'est incliné, un jour, devant Harry alors que celui-ci ne savait pas encore qu'il était un sorcier Dedalus Diggle
20%
Poursuiveuse de l'équipe de Quidditch de Gryffondor particulièrement habile pour éviter les cognards Demelza Robins
9%
Sorcier qui fut le chef du bureau de liaison des Gobelins et qui parle couramment leur langue Dirk Cresswell
4%
Aucun quiz correspondant
Distribution des résultats
% des personnes avec chaque résultat
Percentile par nombre de réponses
Votre historique - résultats
Vous n’avez pas pris ce quiz depuis la dernière actualisation